| 000 | 01104cam a2200337 i 4500 | ||
|---|---|---|---|
| 001 | 200468082 | ||
| 003 | TR-AnTOB | ||
| 005 | 20260413155155.0 | ||
| 007 | ta | ||
| 008 | 110726s2007 tu 000 0 tur d | ||
| 020 | _a9756802995 | ||
| 040 |
_aTR-AnTOB _beng _erda _cTR-AnTOB |
||
| 041 | 0 | _aeng | |
| 044 | _ctu | ||
| 050 | 0 | 0 |
_aPE1128 _b.D46 2007 |
| 090 | 0 | 0 |
_aPE1128 _b.D46 2007 |
| 100 |
_aDemirel, Özcan _eauthor _99525 |
||
| 245 | 1 |
_aELT methodology / _cÖzcan Demirel |
|
| 250 | _a4. Baskı: Ağustos 2007 | ||
| 264 | 1 |
_aAnkara : _bPegem Akademi Yayıncılık, _c2007. |
|
| 300 |
_av, 242 pages ; _c24 cm. |
||
| 336 |
_atext _btxt _2rdacontent |
||
| 337 |
_aunmediated _bn _2rdamedia |
||
| 338 |
_avolume _bnc _2rdacarrier |
||
| 650 | 0 |
_aEnglish language _xGrammar _920055 |
|
| 650 | 0 |
_aEnglish language _vTextbooks for foreign speakers _xBusiness English _967636 |
|
| 650 | 7 |
_aİngiliz dili _xDil bilgisi _vProblemler, alıştırmalar vb. _2etuturkob _951740 |
|
| 650 | 7 |
_aİngiliz dili _vDers kitapları, Yabancılar için _2etuturkob _917653 |
|
| 942 |
_2lcc _cBK |
||
| 999 |
_c200468082 _d86294 |
||